| 000 | 00431nam a2200169Ia 4500 | ||
|---|---|---|---|
| 003 | GCL | ||
| 008 | 140319s9999 xx 000 0 ara d | ||
| 040 |
_aGCL / _cGCL |
||
| 082 | 0 | 4 |
_aق _b962.15 _bد ق |
| 245 | 1 | 0 | _aقناة السويس: مذكرات واحصاءات |
| 300 | _a117 ص | ||
| 490 |
_aكتاب _v0 |
||
| 650 | 0 | 4 | _aالعصر الحديث |
| 650 | 0 | 4 | _aمصر |
| 650 | 0 | 4 | _aقناة السويس |
| 942 |
_2ddc _cBK |
||
| 999 |
_c42797 _d42797 |
||